[Event "Schwarzach Open A"]
[Site "Salzburg AUT"]
[Date "2001.08.31"]
[Round "7"]
[White "Medvegy,Z"]
[Black "Balinov,I"]
[Result "1-0"]
[WhiteElo "2430"]
[BlackElo "2425"]

1.e4 c5 2.Nf3 d6 3.d4 cxd4 4.Nxd4 Nf6 5.Nc3 a6 6.Be3 Ng4 7.Bg5 h6 8.Bh4 g5
9.Bg3 Bg7 10.Be2 h5 11.Nf5 Bxf5 12.exf5 h4 13.Bxg4 hxg3 14.fxg3 Bxc3+ 15.bxc3 Nc6
16.O-O Qb6+ 17.Kh1 Ne5 18.Bf3 Rc8 19.f6 Qe3 20.Qe1 Rxc3 21.Qxe3 Rxe3 22.Bxb7 a5
23.Rab1 e6 24.Rb5 Ra3 25.Rd1 Rh6 26.Rxe5 Rxf6 27.Rxg5 Rxa2 28.Be4 d5 29.Bd3 a4
30.Kg1 a3 31.Re5 Rb2 32.Re2 d4 33.Rf2 Ke7 34.Rxf6 Kxf6 35.Ra1 a2 36.Kf2 Kg5
37.Kf3 f5 38.h4+ Kf6 39.g4 fxg4+ 40.Kxg4 e5 41.h5  1-0

[Event "Schwarzach Open A"]
[Site "Salzburg AUT"]
[Date "2001.08.31"]
[Round "7"]
[White "Klovans,J"]
[Black "Shchekachev,A"]
[Result "0-1"]
[WhiteElo "2446"]
[BlackElo "2546"]

1.e4 c5 2.Nf3 d6 3.d4 cxd4 4.Nxd4 Nf6 5.Nc3 a6 6.Be3 e6 7.Be2 Qc7 8.a4 b6
9.f4 Bb7 10.Bf3 Nbd7 11.f5 e5 12.Nb3 Rc8 13.O-O d5 14.exd5 Bb4 15.d6 Bxf3
16.Qxf3 Qc6 17.Bd2 O-O 18.Rad1 Bxd6 19.Qxc6 Rxc6 20.h3 Bb4 21.Rfe1 Rc4 22.Nc1 h5
23.Nd3 Bd6 24.Be3 Re8 25.Re2 Bf8 26.Red2 e4 27.Nf4 Bc5 28.Bxc5 Nxc5 29.Rd4 Rxd4
30.Rxd4 e3 31.Nfe2 Kh7 32.Rd6 Nce4 33.Nxe4 Rxe4 34.Rxb6 Rxa4 35.Rb3 Nd5 36.Kh2 Rc4
37.Rd3 Rxc2 38.Rxd5 Rxe2 39.Rd7 f6 40.Re7 h4 41.Re4 Rxb2 42.Rxh4+ Kg8 43.Re4 e2
44.Kg3 a5 45.Kf2 Ra2 46.Re8+ Kf7 47.Ra8 a4 48.Ra7+ Kg8 49.Ra8+ Kh7 50.h4 a3
51.Ke1 g6 52.fxg6+ Kxg6 53.Ra5 f5 54.Kf2 Kh6 55.Ke1 Kh5 56.Rxf5+ Kxh4 57.Ra5 Kg3
58.Rg5+ Kh2 59.Ra5 Kxg2 60.Ra8 Kf3 61.Rf8+ Ke4 62.Re8+ Kd5 63.Rd8+ Ke6 64.Re8+ Kd7
65.Ra8 Ra1+ 66.Kxe2 a2  0-1

[Event "Schwarzach Open A"]
[Site "Salzburg AUT"]
[Date "2001.09.01"]
[Round "8"]
[White "Balinov,I"]
[Black "Ljubic,J"]
[Result "1-0"]
[WhiteElo "2425"]
[BlackElo "2258"]

1.e4 c5 2.Nf3 d6 3.d4 cxd4 4.Nxd4 Nf6 5.Nc3 a6 6.Be3 e5 7.Nb3 Be6 8.Nd5 Bxd5
9.exd5 Nbd7 10.Be2 Be7 11.O-O O-O 12.a4 Ne8 13.f3 f5 14.a5 f4 15.Bf2 Rf6
16.Bd3 g5 17.Ra4 Rc8 18.Rb4 Rc7 19.Bb6 Nxb6 20.axb6 Rc8 21.Na5 Rb8 22.Bxa6 Qc8
23.Nc6 Bd8 24.Qd3 bxa6 25.Qc4 Rf7 26.Nxb8 Qxb8 27.Qc6 Kf8 28.Ra1 Qb7 29.Kf1 h5
30.c4 Rd7 31.Qxb7 Rxb7 32.Rxa6 Nf6 33.Rb5 Ke8 34.b4 Kd7 35.Ke2 e4 36.fxe4 Nxe4
37.Kd3 Nf6 38.Kd4 Ke7 39.c5 Nd7 40.Ra7 Rb8 41.c6 Bxb6+ 42.Rxb6 Rxb6 43.Rxd7+ Ke8
44.Rb7 Ra6 45.Rb8+  1-0

[Event "TCh-YUG"]
[Site "Herceg Novi YUG"]
[Date "2001.09.04"]
[Round "2"]
[White "Perunovic,Mil"]
[Black "Ilincic,Z"]
[Result "0-1"]
[WhiteElo "2477"]
[BlackElo "2546"]

1.e4 c5 2.Nf3 d6 3.d4 cxd4 4.Nxd4 Nf6 5.Nc3 a6 6.Be3 e6 7.g4 h6 8.Bg2 Nc6
9.h3 Ne5 10.Qe2 g5 11.f4 gxf4 12.Bxf4 Bd7 13.O-O-O Qc7 14.Rhf1 Be7 15.Kb1 O-O-O
16.Qf2 Be8 17.Nf3 Nfd7 18.Nxe5 Nxe5 19.Be3 Qc6 20.Bb6 Rd7 21.Bd4 Kb8 22.b3 b5
23.a4 bxa4 24.Nxa4 f6 25.Rfe1 Rb7 26.Nb2 h5 27.Qd2 Bg6 28.Re3 hxg4 29.hxg4 Rh2
30.Rh1 Rxh1+ 31.Bxh1 Qb5 32.Bg2 Rc7 33.Rc3 Nxg4 34.Rg3 f5 35.c4 Qd7 36.Ka2 e5
37.Bb6 Rb7 38.exf5 Qxf5 39.Bxb7 Qb1+ 40.Ka3 Kxb7 41.Rg1 Qe4 42.Na4 Bf5 43.Qb4 Kc8
44.Nc3 Qc6 45.Nd5 Kd7 46.Rd1 Bg5 47.Qa5 Qc8 48.Bc7 Qb7 49.c5 Nf2 50.Qa4+ Qb5
51.Rf1 Be6 52.Rxf2 Bc1+ 53.Ka2 Qxa4+ 54.bxa4 Bxd5+ 55.Kb1 Be3 56.c6+ Kxc7  0-1

[Event "TCh-YUG"]
[Site "Herceg Novi YUG"]
[Date "2001.09.04"]
[Round "2"]
[White "Hracek,Z"]
[Black "Georgiev,Ki"]
[Result "1/2-1/2"]
[WhiteElo "2610"]
[BlackElo "2695"]

1.e4 c5 2.Nf3 d6 3.d4 cxd4 4.Nxd4 Nf6 5.Nc3 a6 6.Be3 e6 7.f3 h5 8.a4 Nc6
9.Be2 d5 10.exd5 Nxd5 11.Nxd5 Qxd5 12.Nxc6 bxc6 13.f4 Rb8 14.Bf3 Qc4 15.Qd4 Qxd4
16.Bxd4 Bb7 17.O-O-O c5 18.Be5 Bxf3 19.Bxb8 Bxd1 20.Rxd1 h4 21.Rd3 Rh6 22.Kd2  1/2-1/2

[Event "EYCC G16"]
[Site "Halkidiki GRE"]
[Date "2001.09.06"]
[Round "6"]
[White "Muhren,B"]
[Black "Papadopoulou,V"]
[Result "1-0"]
[WhiteElo "2216"]
[BlackElo "2193"]

1.e4 c5 2.Nf3 d6 3.d4 cxd4 4.Nxd4 Nf6 5.Nc3 a6 6.Be3 e5 7.Nb3 Be6 8.f3 Nbd7
9.Qd2 b5 10.a4 b4 11.Nd5 Bxd5 12.exd5 Nb6 13.Bxb6 Qxb6 14.a5 Qb7 15.Bc4 g6
16.Ra4 Rb8 17.Nc1 h5 18.Na2 Bh6 19.Qxb4 Qa7 20.Qc3 O-O 21.Nb4 Rfc8 22.Nc6 Rxc6
23.dxc6 Rc8 24.Qd3 d5 25.Bxa6 Rxc6 26.Bb5 Re6 27.Kd1 Be3 28.Re1 Bf2 29.Rf1 e4
30.Qc3 Bc5 31.Be2 Qd7 32.Ra1 Qe7 33.a6 Kh7 34.Qd2 exf3 35.gxf3 Be3 36.Qd3 Qc7
37.c3 Ba7 38.Qd2 Qxh2 39.Bd3 Qg3 40.Ra4 Nd7 41.Qf4 Qxf4 42.Rxf4 Kg7 43.Bb5 Ne5
44.Kc2 f6 45.Ra4 Rd6 46.Be2 Kh6 47.Rb4 Nc4 48.Bxc4 dxc4 49.Ra1 Rc6 50.Rb7  1-0

[Event "5th Pablo Gorbea Mem Open"]
[Site "Madrid ESP"]
[Date "2001.09.07"]
[Round "2"]
[White "Morales,Jo"]
[Black "Rodriguez Bachiller,L"]
[Result "1-0"]
[WhiteElo "2354"]
[BlackElo "2035"]

1.e4 c5 2.Nf3 d6 3.d4 cxd4 4.Nxd4 Nf6 5.Nc3 a6 6.Be3 Ng4 7.Bc1 Nf6 8.Bg5 e6
9.f4 Nc6 10.e5 h6 11.Bh4 g5 12.fxg5 Nd5 13.Nxc6 bxc6 14.Ne4 Qb6 15.Bd3 Qxb2
16.O-O Qxe5 17.Qf3 Ra7 18.c4 hxg5 19.Bg3 Nf4 20.Nxg5 Qxg5 21.Bxf4 Qh5 22.Qxc6+ Bd7
23.Qb6 Qc5+ 24.Qxc5 dxc5 25.Rab1 f5 26.Be5 Rg8 27.Be2 Bc6 28.Rb8+ Ke7 29.g3 Rg6
30.Rb6 Bd7 31.Bd6+ Kf7 32.Bh5 Bxd6 33.Rxd6 Kf6 34.Bxg6 Kxg6 35.Rfd1  1-0

[Event "5th Pablo Gorbea Mem Open"]
[Site "Madrid ESP"]
[Date "2001.09.07"]
[Round "2"]
[White "Moreno Carnero,J"]
[Black "Camino Carrio,N"]
[Result "1-0"]
[WhiteElo "2514"]
[BlackElo "2123"]

1.e4 c5 2.Nf3 d6 3.d4 cxd4 4.Nxd4 Nf6 5.Nc3 a6 6.Be3 e6 7.f3 b5 8.g4 Nfd7
9.Qd2 Nb6 10.O-O-O N8d7 11.Qf2 Bb7 12.Bd3 Rc8 13.Nce2 Be7 14.Kb1 O-O 15.h4 Nc4
16.Bxc4 bxc4 17.Bg5 Rc5 18.Nc3 Nf6 19.Be3 Qa5 20.Nde2 Rb5 21.a3 d5 22.Nxb5 axb5
23.Bc5 Bxc5 24.Qxc5 dxe4 25.g5 Nd5 26.fxe4 Rc8 27.Qd4 Ne7 28.Rhf1 Bc6 29.h5 Ra8
30.h6  1-0

[Event "TCh-YUG"]
[Site "Herceg Novi YUG"]
[Date "2001.09.08"]
[Round "6"]
[White "Popovic,P"]
[Black "Djukic,Z YUG"]
[Result "1/2-1/2"]
[WhiteElo "2526"]
[BlackElo "2407"]

1.e4 c5 2.Nf3 d6 3.d4 cxd4 4.Nxd4 Nf6 5.Nc3 a6 6.Be3 b5 7.a4 b4 8.Nd5 Nxd5
9.exd5 Bb7 10.Bc4 Qc7 11.b3 Nd7 12.Nf3 Nf6 13.a5 g6 14.O-O Bg7 15.Ra4 Ne4
16.Rxb4 O-O 17.Bb6 Qd7 18.Bd4 Bxd4 19.Qxd4 Nf6 20.Re1 Rfc8 21.h3 Rc5 22.Ne5 Qc7
23.Rxb7 Qxb7 24.Nc6 Re8 25.b4 Rxc6 26.dxc6 Qxc6 27.Qd3 Qb7 28.c3 Ra8 29.Qf3 d5
30.Bf1 Ne4 31.Qd3 e6 32.Rb1  1/2-1/2

[Event "1st Sea Chess TCh"]
[Site "Kuala Lumpur MAI"]
[Date "2001.09.08"]
[Round "4"]
[White "Zaw Oo"]
[Black "Nolte,R"]
[Result "0-1"]
[WhiteElo "2464"]
[BlackElo "2324"]

1.e4 c5 2.Nf3 d6 3.d4 cxd4 4.Nxd4 Nf6 5.Nc3 a6 6.Be3 e6 7.Bd3 b5 8.a3 Bb7
9.f4 Nbd7 10.O-O Be7 11.Qf3 Nc5 12.Rae1 O-O 13.Bf2 Rc8 14.Qh3 Nfd7 15.Nf3 Nxd3
16.cxd3 Nc5 17.Rd1 Bf6 18.e5 dxe5 19.fxe5 Be7 20.Qg3 h6 21.Rfe1 Kh7 22.d4 Na4
23.Nxa4 bxa4 24.Re2 Qd5 25.Be1 Qb3 26.Rd3 Qb5 27.Rde3 Rc1 28.h3 Rfc8 29.Kh2 R8c2
30.Qf2 Qxb2 31.Bd2 Rd1 32.Bb4 Rxe2 33.Rxe2 Qc1 34.Bd2 Qxa3 35.Ne1 Kg8 36.Nc2 Qd3
37.Ne1 Qg6 38.Bf4 a3 39.g3 Bd5 40.Rc2 a2 41.Rxa2  0-1

[Event "EYCC G14"]
[Site "Halkidiki GRE"]
[Date "2001.09.09"]
[Round "9"]
[White "Zawadzka,J"]
[Black "Rogule,L"]
[Result "1-0"]
[WhiteElo "2064"]
[BlackElo "2246"]

1.e4 c5 2.Nf3 d6 3.d4 cxd4 4.Nxd4 Nf6 5.Nc3 a6 6.Be3 Ng4 7.Bc1 Nc6 8.f3 Nf6
9.Be3 e5 10.Nb3 Be7 11.Qd2 Na5 12.Qf2 Nxb3 13.Bb6 Qd7 14.axb3 O-O 15.Bb5 Qe6
16.Bc4 Qd7 17.O-O Qe8 18.Nd5 Nxd5 19.Bxd5 Kh8 20.Rfd1 f5 21.exf5 Rxf5 22.Be4 Rf8
23.Be3 Qb5 24.Rd5 Qe8 25.Rd2 Qb5 26.Qe2 Qe8 27.Qd3 Qh5 28.Qc4 Rd8 29.Bb6 Rf8
30.Rad1 Qh6 31.Qc7 Bd8 32.Rxd6 Bxc7 33.Rxh6 gxh6 34.Bxc7 Re8 35.Rd5 Kg8 36.Rc5 Re7
37.Bxe5 Be6 38.Bf4 Rc8 39.Re5 Kf7 40.Bxh6 Kf6 41.f4 Kf7 42.Bg5 Rd7 43.f5 Rd1+
44.Kf2 Bd7 45.Re7+ Kg8 46.f6 Bb5 47.Bxh7+ Kh8 48.c4 Bc6 49.f7 Kg7 50.Bf5 Rf8
51.Be6 Rb1 52.Rc7 Rxb2+ 53.Ke3 Rxb3+ 54.Kd4 Bxg2 55.Ke5 Bh3 56.Bd5 Kg6 57.Bf4 Rb6
58.Be3 Rb2 59.Bc5 Re2+ 60.Kf4 Kg7 61.Bxf8+ Kxf8 62.Rxb7 Kg7 63.Rb8 Rf2+ 64.Kg3  1-0

[Event "5th Pablo Gorbea Mem Open"]
[Site "Madrid ESP"]
[Date "2001.09.13"]
[Round "7"]
[White "Korneev,O"]
[Black "Herrera,I"]
[Result "1-0"]
[WhiteElo "2572"]
[BlackElo "2444"]

1.e4 c5 2.Nf3 d6 3.d4 cxd4 4.Nxd4 Nf6 5.Nc3 a6 6.Be3 e5 7.Nb3 Be6 8.f3 Nbd7
9.Qd2 b5 10.O-O-O Nb6 11.Qf2 Nfd7 12.Kb1 b4 13.Nd5 Nxd5 14.exd5 Bf5 15.g4 Bg6
16.f4 Be4 17.Bg2 Bxg2 18.Qxg2 Be7 19.fxe5 Nxe5 20.Bd4 f6 21.Bxe5 fxe5 22.Rhf1 Bf6
23.g5 Bxg5 24.Nc5 dxc5 25.d6 Bf6 26.Rxf6 Qxf6 27.Qxa8+ Qd8 28.d7+ Ke7 29.Qe4 Rf8
30.Qxe5+ Kf7 31.Rf1+  1-0

[Event "TCh-CRO Women"]
[Site "Pula CRO"]
[Date "2001.09.18"]
[Round "9"]
[White "Jelica,M"]
[Black "Stevanec,L"]
[Result "1-0"]
[WhiteElo "2193"]
[BlackElo "2112"]

1.e4 c5 2.Nf3 d6 3.d4 cxd4 4.Nxd4 Nf6 5.Nc3 a6 6.Be3 e6 7.f3 b5 8.a3 Bb7
9.Qd2 Nbd7 10.g4 Nb6 11.g5 Nfd7 12.h4 d5 13.exd5 Nxd5 14.Nxd5 Bxd5 15.Rg1 Ne5
16.f4 Nf3+ 17.Nxf3 Bxf3 18.Qxd8+ Rxd8 19.a4 Rc8 20.Kd2 Be4 21.c3 Rd8+ 22.Bd4 Bc6
23.axb5 axb5 24.Ra6 Bd7 25.Bd3 h6 26.f5 hxg5 27.hxg5 b4 28.fxe6 bxc3+ 29.bxc3 Bxe6
30.g6 Rh2+ 31.Kc1 Ra2 32.gxf7+ Bxf7 33.Bb5+ Rd7 34.Rxa2 Bxa2 35.Bxg7 Ba3+
36.Kc2 Be6 37.Ra1 Bc5 38.Ra8+ Kf7 39.Bxd7 Bxd7 40.Bd4  1-0

[Event "ch-ARM"]
[Site "Yerevan ARM"]
[Date "2001.09.21"]
[Round "9"]
[White "Haroutjunian,G"]
[Black "Aronian,L"]
[Result "0-1"]
[WhiteElo "2346"]
[BlackElo "2562"]

1.e4 c5 2.Nf3 d6 3.d4 Nf6 4.Nc3 cxd4 5.Nxd4 a6 6.Be3 e5 7.Nb3 Be6 8.f3 Nbd7
9.g4 b5 10.g5 b4 11.Ne2 Nh5 12.Qd2 g6 13.Bg2 a5 14.f4 Nb6 15.Bxb6 Qxb6 16.f5 Bc4
17.Nbc1 d5 18.Nd3 Bd6 19.Ng3 Nf4 20.exd5 Bxd3 21.cxd3 b3 22.Kf1 Rc8 23.axb3 Bb4
24.Qd1 O-O 25.Be4 f6 26.h4 Qe3 27.Bf3 fxg5 28.hxg5 Rc2  0-1

[Event "6th ECCW"]
[Site "Belgrade YUG"]
[Date "2001.09.22"]
[Round "7"]
[White "Gaponenko,I"]
[Black "Miloradovic,J"]
[Result "1-0"]
[WhiteElo "2404"]
[BlackElo "2173"]

1.e4 c5 2.Nf3 d6 3.d4 cxd4 4.Nxd4 Nf6 5.Nc3 a6 6.Be3 Ng4 7.Bg5 h6 8.Bh4 g5
9.Bg3 Bg7 10.h3 Ne5 11.f3 Nbc6 12.Bf2 Nxd4 13.Bxd4 Be6 14.Qd2 Qa5 15.a3 Rg8
16.h4 O-O-O 17.hxg5 hxg5 18.b4 Qc7 19.b5 Nc4 20.Bxc4 Bxc4 21.Bxg7 Rxg7 22.bxa6 bxa6
23.Nd5 Bxd5 24.exd5 Qc5 25.Rb1 g4 26.Qd3 Qa5+ 27.Rb4 Kd7 28.Qc3  1-0

[Event "ch-POL w"]
[Site "Brzeg Dolny POL"]
[Date "2001.09.25"]
[Round "1"]
[White "Blimke,D"]
[Black "Dworakowska,J"]
[Result "0-1"]
[WhiteElo "2206"]
[BlackElo "2350"]

1.e4 c5 2.Nf3 d6 3.d4 cxd4 4.Nxd4 Nf6 5.Nc3 a6 6.Be3 e5 7.Nb3 Be6 8.f4 exf4
9.Bxf4 Nc6 10.Qd2 d5 11.exd5 Nxd5 12.Nxd5 Qxd5 13.Qxd5 Bxd5 14.O-O-O Be6
15.Be2 Be7 16.Bd6 Rc8 17.Bf3 Bxd6 18.Rxd6 Ke7 19.Rd2 Rhd8 20.Rhd1 Rxd2 21.Rxd2 b6
22.Nd4 Nxd4 23.Rxd4 a5 24.a3 f5 25.Kd2 g5 26.h3 Rc4 27.Rxc4 Bxc4 28.Kc3 Bf1
29.Kd4 Kd6 30.b3 h5 31.c4 g4 32.hxg4 fxg4 33.Bd5 h4 34.Ke3 Ke5 35.Bc6 Kd6
36.Bb7 Ke5 37.Bc6 a4 38.bxa4 Bxc4 39.Bd7 Be6 40.Bb5 Bd5 41.Bf1 Bc6 42.a5 bxa5
43.Be2 h3  0-1

[Event "ECC"]
[Site "Panormo GRE"]
[Date "2001.09.25"]
[Round "3"]
[White "Azarov,S"]
[Black "Tisdall,J"]
[Result "0-1"]
[WhiteElo "2461"]
[BlackElo "2492"]

1.e4 c5 2.Nf3 d6 3.d4 cxd4 4.Nxd4 Nf6 5.Nc3 a6 6.Be3 e5 7.Nb3 Be6 8.f3 h5
9.Bd3 Nbd7 10.Qe2 Qc7 11.a4 Be7 12.a5 d5 13.exd5 Nxd5 14.Nxd5 Bxd5 15.O-O O-O
16.Rac1 Rae8 17.c4 Bc6 18.Bf5 Ba4 19.Nd2 Qxa5 20.Ne4 Bc6 21.Rfd1 Nc5 22.Ng3 h4
23.Nh5 g6 24.b4 Qxb4 25.Rb1 Qa5 26.Bh6 Na4 27.Qc2 e4 28.fxe4 Qc3 29.Qe2 Bc5+
30.Kh1 gxf5 31.Bxf8 Rxe4 32.Qf1 Kxf8 33.Qxf5 h3 34.Rd8+ Ke7 35.Rd7+ Bxd7
36.Qxe4+ Kd8 37.Qxb7 hxg2+ 38.Qxg2 Qxc4 39.Nf6 Be6 40.Rb8+ Ke7 41.Ng8+ Kd6
42.Rd8+ Kc7 43.Rd1 Nc3  0-1

[Event "ECC"]
[Site "Panormo GRE"]
[Date "2001.09.26"]
[Round "4"]
[White "Zhigalko,A"]
[Black "Ftacnik,L"]
[Result "0-1"]
[WhiteElo "2400"]
[BlackElo "2580"]

1.e4 c5 2.Nf3 d6 3.d4 cxd4 4.Nxd4 Nf6 5.Nc3 a6 6.Be3 e5 7.Nb3 Be6 8.f3 h5
9.Qd2 Nbd7 10.O-O-O Rc8 11.Kb1 Be7 12.Nd5 Bxd5 13.exd5 Nb6 14.Bxb6 Qxb6 15.g3 O-O
16.Bh3 Ra8 17.Rhe1 a5 18.a4 Qb4 19.Qxb4 axb4 20.f4 e4 21.Bf5 Rxa4 22.Bxe4 Nxe4
23.Rxe4 Bf6 24.Rde1 Kh7 25.Re8 Rxe8 26.Rxe8 Ra6 27.Nd2 Ra5 28.Rb8 Rxd5 29.Ne4 Kg6
30.Rxb7 Rd4 31.Nxf6 Kxf6 32.Ka2 Rd2 33.Rxb4 Rxc2 34.Rd4 Rxh2 35.Rxd6+ Kf5
36.Rd7 Ke6 37.Rd3 f6 38.Kb1 Rf2 39.Kc1 Kf5 40.b4 h4 41.gxh4 Rxf4 42.Rd7 g6
43.h5 gxh5 44.b5 h4 45.b6 Rb4 46.b7 Kg6 47.Rd4 Rxb7 48.Rxh4 Rd7 49.Rh1 f5
50.Rf1 Kg5 51.Rg1+ Kh4 52.Rf1 Kg4 53.Rg1+ Kh3 54.Rf1 Rd5  0-1

[Event "ch-POL w"]
[Site "Brzeg Dolny POL"]
[Date "2001.09.29"]
[Round "5"]
[White "Toma,K"]
[Black "Dworakowska,J"]
[Result "1-0"]
[WhiteElo "2174"]
[BlackElo "2350"]

1.e4 c5 2.Nf3 d6 3.d4 cxd4 4.Nxd4 Nf6 5.Nc3 a6 6.Be3 e5 7.Nb3 Be7 8.f3 Be6
9.Qd2 Nbd7 10.g4 O-O 11.g5 Nh5 12.O-O-O Qc7 13.Kb1 Rfc8 14.h4 Nb6 15.Qf2 Nc4
16.Bxc4 Bxc4 17.Na4 Rf8 18.Nb6 Rae8 19.Na5 Be6 20.Rd3 f5 21.gxf6 Rxf6 22.Rc3 Qb8
23.Bg5 Rg6 24.Rg1 Nf4 25.Bxf4 Rxg1+ 26.Qxg1 exf4 27.h5 Bd8 28.h6 Bf6 29.Rd3 Qc7
30.Nb3 g6 31.Nd5 Bxd5 32.Rxd5 Qe7 33.Nd4 Kh8 34.a4 Qf8 35.Qh2 Be5 36.Qh3 Qe7
37.Qg4 Qc7 38.c3 Kg8 39.Nc2 Qc8 40.Qg2 Qc6 41.a5 Kf7 42.Nb4 Qc7 43.Nd3 b5
44.Qd2 Bf6 45.Qxf4 Re6 46.Nc5 Re5 47.Nxa6 Qd8 48.Qd2 Qxa5 49.Rxd6 Rh5 50.Qd1 Be7
51.Rc6 Rxh6 52.Qd5+ Kg7 53.Qe5+ Kf8 54.Rc8+ Kf7 55.Qd5+ Kg7 56.Qg8+ Kf6 57.Rc6+ Kg5
58.Qd5+ Kh4 59.Qd2 Bf8 60.Qh2+  1-0

[Event "Tatry Open"]
[Site "High Tatras SVK"]
[Date "2001.09.29"]
[Round "1"]
[White "Antoniewski,R"]
[Black "Kebis,M"]
[Result "1-0"]
[WhiteElo "2446"]
[BlackElo "2063"]

1.e4 c5 2.Nf3 d6 3.d4 cxd4 4.Nxd4 Nf6 5.Nc3 a6 6.Be3 e6 7.Be2 Nc6 8.f4 Qc7
9.g4 Be7 10.g5 Nd7 11.O-O Nxd4 12.Qxd4 O-O 13.f5 Re8 14.fxe6 fxe6 15.Bh5 g6
16.Nd5 Qc5 17.Qa4 Qc6 18.Qxc6 bxc6 19.Nc7 Bb7 20.Bg4 Nf8 21.Nxa8 Bxa8 22.Rae1 c5
23.Bd2 Bd8 24.h4 Nd7 25.Bf4 d5 26.exd5 Bxd5 27.Bd6 h6 28.Rd1 Bc6 29.Rfe1 Kf7
30.Rd2 hxg5 31.Rf2+ Kg7 32.Rxe6 Nf6 33.Rxe8 Bxe8 34.Bf8+ Kh7 35.Bc8 gxh4
36.Bxc5 g5 37.Rd2 Bc7 38.Re2 Kg6 39.Bd4 Bf7 40.Re7 Bf4 41.Ra7 Bc4 42.b3 Be2
43.Kf2 Bb5 44.c4 Ne4+ 45.Kg1 Be8 46.Bg4 Ng3 47.Rxa6+ Kf7 48.Ra7+ Kg6 49.a4 h3
50.Ra6+ Kh7 51.Bf2 Bg6 52.Bxg3  1-0

[Event "ch-POL w"]
[Site "Brzeg Dolny POL"]
[Date "2001.10.02"]
[Round "8"]
[White "Blimke,D"]
[Black "Kadziolka,B"]
[Result "0-1"]
[WhiteElo "2206"]
[BlackElo "2162"]

1.e4 c5 2.Nf3 d6 3.d4 cxd4 4.Nxd4 Nf6 5.Nc3 a6 6.Be3 e5 7.Nb3 Be6 8.Qe2 Be7
9.f4 exf4 10.Bxf4 O-O 11.h3 Nc6 12.O-O-O Qc7 13.g4 Nd7 14.Kb1 Rfe8 15.g5 Rac8
16.Qf2 Nce5 17.h4 Nb6 18.Bc1 Nbc4 19.Bxc4 Bxc4 20.Nd5 Bxd5 21.exd5 Bf8 22.h5 a5
23.Nd4 Qc5 24.Qg2 Nc4 25.g6 fxg6 26.hxg6 h6 27.Ne6 Qb5 28.Rd3 Ne5 29.Rb3 Qd7
30.Rbh3 Rc4 31.Nxf8 Rxf8 32.Bxh6 Rg4 33.Qd2 Rxg6 34.Bxg7 Qxh3 35.Rxh3 Rf1+
36.Qc1 Rxc1+ 37.Kxc1 Rxg7 38.b3 Kf8 39.Rc3 Ke8 40.Rc8+ Kd7 41.Ra8 Rg1+ 42.Kb2 b6
43.Ra7+ Kc8 44.Rh7 Rf1 45.a3 Rf7 46.Rh4 b5 47.Rh2 Kc7 48.a4 bxa4 49.bxa4 Kb6
50.Kb3 Kc5 51.c3 Kxd5 52.Rh3 Rb7+ 53.Kc2 Kc5 54.Rh5 Re7 55.Kb3 d5 56.Rh8 Rb7+
57.Kc2 Nc4 58.Rc8+ Kd6 59.Kd3 Rb2 60.Rd8+ Kc6 61.Rxd5 Rd2+  0-1

[Event "Chigorin Mem Open"]
[Site "St Petersburg RUS"]
[Date "2001.10.03"]
[Round "9"]
[White "Solovjov,S"]
[Black "Dzhakaev,D"]
[Result "0-1"]
[WhiteElo "2497"]
[BlackElo "2401"]

1.e4 c5 2.Nf3 d6 3.d4 cxd4 4.Nxd4 Nf6 5.Nc3 a6 6.Be3 Ng4 7.Bc1 Nf6 8.Be2 e5
9.Nb3 Be7 10.Be3 Be6 11.Qd3 Nbd7 12.Nd5 Bxd5 13.exd5 Rc8 14.g4 Nb6 15.Bxb6 Qxb6
16.g5 Nd7 17.h4 Qb4+ 18.c3 Qf4 19.Rg1 h5 20.Qg3 Qxg3 21.Rxg3 Bd8 22.Bd3 g6
23.Ke2 Nb6 24.Be4 Nc4 25.Rb1 Ke7 26.Nd2 b5 27.b3 Na3 28.Rf1 Kf8 29.f4 exf4
30.Rxf4 Kg7 31.Rgf3 Rf8 32.Kd1 a5 33.Nf1 f5 34.gxf6+ Rxf6 35.Rxf6 Bxf6 36.Rg3 Rxc3
37.Rxg6+ Kf7 38.Rh6 Rh3 39.Rh7+ Ke8 40.Bf5 Rxh4 41.Ne3 Rh1+ 42.Ke2 Nb1 43.Bd7+ Kd8
44.Be6 Rh2+ 45.Kd3 Rd2+ 46.Ke4 Nc3+ 47.Kf3 Bd4 48.Bf5 Bxe3 49.Kxe3 Rxd5 50.Rxh5 Nxa2
51.Rh8+ Ke7 52.Be4 Re5 53.Rh7+ Kd8 54.Kd4 Nc1 55.Bc2 Ne2+ 56.Kd3 Nf4+ 57.Kd2 Re7
58.Rh4 Rf7 59.Rg4 Kc7 60.Ke3 Nd5+ 61.Kd4 Rf4+ 62.Rxf4 Nxf4 63.Ke4 Ng6 64.Kd4 Ne7
65.Bd1 Kc6 66.Bf3+ d5 67.Be2 b4 68.Bf3 Kd6 69.Bg2 Nc6+ 70.Kd3 Ke5 71.Bf3 Nd8
72.Ke3 Ne6 73.Bd1 Nc5 74.Bc2 d4+ 75.Kd2 d3 76.Bxd3 Nxb3+ 77.Kc2 Nd4+ 78.Kb2 Kd5  0-1

[Event "Chigorin Mem Open"]
[Site "St Petersburg RUS"]
[Date "2001.10.03"]
[Round "9"]
[White "Kobalija,M"]
[Black "Vaulin,A"]
[Result "1-0"]
[WhiteElo "2603"]
[BlackElo "2548"]

1.e4 c5 2.Nf3 d6 3.d4 cxd4 4.Nxd4 Nf6 5.Nc3 a6 6.Be3 e5 7.Nb3 Be6 8.f3 Nbd7
9.g4 b5 10.g5 Nh5 11.Qd2 Nb6 12.Nd5 Bxd5 13.exd5 Rc8 14.c3 Nc4 15.Bxc4 bxc4
16.Nc1 Be7 17.Ne2 O-O 18.O-O-O Rb8 19.Kb1 Rb5 20.Ng3 Nf4 21.Bxf4 exf4 22.Ne4 Qa5
23.h4 Rfb8 24.Rh2 Qa4 25.Qd4 Ra5 26.b4 cxb3 27.Qxa4 bxa2+ 28.Ka1 Rxa4 29.Rxa2 Rxa2+
30.Kxa2 h6 31.Rd4 hxg5 32.hxg5 Kh7 33.Rc4 Kg6 34.Rc6 Rd8 35.Rxa6 Rd7 36.c4 Kf5
37.Kb3 Ke5 38.Kc3 Rb7 39.Ra8 f5 40.Nf2  1-0

[Event "TCh-BUL"]
[Site "Pamporovo BUL"]
[Date "2001.10.04"]
[Round "2"]
[White "Ilchov,R"]
[Black "Genov,Peta"]
[Result "0-1"]
[WhiteElo "2115"]
[BlackElo "2473"]

1.e4 c5 2.Nf3 d6 3.d4 cxd4 4.Nxd4 Nf6 5.Nc3 a6 6.Be3 e6 7.f4 Qc7 8.Qf3 b5
9.Bd3 Bb7 10.g4 h5 11.gxh5 Nbd7 12.a4 b4 13.Nce2 Rxh5 14.Ng3 Rh3 15.Nb3 Rc8
16.Qg2 Rh4 17.Rf1 d5 18.O-O-O dxe4 19.Nxe4 Nxe4 20.Bxe4 Rg4 21.Qxg4 Bxe4
22.c3 bxc3 23.Qe2 cxb2+ 24.Kxb2 Qc3+ 25.Ka2 Qb4  0-1

[Event "Tatry Open"]
[Site "High Tatras SVK"]
[Date "2001.10.05"]
[Round "8"]
[White "Sikorova,O"]
[Black "Giertli,V"]
[Result "1-0"]
[WhiteElo "2274"]
[BlackElo "2163"]

1.e4 c5 2.Nc3 d6 3.Nf3 a6 4.d4 cxd4 5.Nxd4 Nf6 6.Be3 e6 7.f3 Be7 8.Qd2 Qc7
9.g4 O-O 10.h4 b5 11.a3 Nc6 12.h5 Re8 13.g5 Nd7 14.g6 Nf8 15.h6 fxg6 16.hxg7 Kxg7
17.O-O-O Ne5 18.Qh2 Rb8 19.Bh6+ Kg8 20.Bh3 b4 21.axb4 Rxb4 22.Bxf8 Bxf8 23.Bxe6+ Bxe6
24.Nxe6 Qa7 25.Nd5 Rxe6 26.Nxb4 a5 27.Nd5 Nc4 28.Qh3 Qf7 29.b3 Ne5 30.f4 Nc6
31.f5 Rxe4 32.Nf6+  1-0

[Event "TCh-BUL"]
[Site "Pamporovo BUL"]
[Date "2001.10.06"]
[Round "5"]
[White "Spasov,V"]
[Black "Bratanov,Z"]
[Result "1-0"]
[WhiteElo "2569"]
[BlackElo "2422"]

1.e4 c5 2.Nf3 d6 3.d4 cxd4 4.Nxd4 Nf6 5.Nc3 a6 6.Be3 e5 7.Nb3 Be7 8.Qd2 Be6
9.O-O-O Nbd7 10.f3 b5 11.g4 Nb6 12.g5 Nfd7 13.f4 exf4 14.Bxf4 Ne5 15.h4 O-O
16.Nd4 Qc8 17.Nxe6 fxe6 18.Bh3 Rb8 19.Rhf1 Re8 20.Nd5 Bf8 21.Bxe5 dxe5 22.Rxf8+ Kxf8
23.Nxb6  1-0

[Event "TCh-BUL"]
[Site "Pamporovo BUL"]
[Date "2001.10.06"]
[Round "5"]
[White "Mladenov,Sv"]
[Black "Kjurkchiiski,G"]
[Result "1-0"]
[WhiteElo "2306"]
[BlackElo "2275"]

1.e4 c5 2.Nf3 d6 3.d4 cxd4 4.Nxd4 Nf6 5.Nc3 a6 6.Be3 e6 7.Be2 Be7 8.f4 Qc7
9.O-O O-O 10.g4 Nfd7 11.g5 Re8 12.f5 Ne5 13.fxe6 fxe6 14.Bg4 Nxg4 15.Qxg4 Nc6
16.Nxc6 bxc6 17.g6 hxg6 18.Qxg6 Rf8 19.Bh6 Bf6 20.e5 Qf7 21.Rxf6 Qxg6+ 22.Rxg6 Kf7
23.Bxg7 Rg8 24.Rg3 Rxg7 25.exd6 Rxg3+ 26.hxg3 e5 27.Re1 Bf5 28.Rxe5 Bxc2
29.Rc5  1-0

[Event "TCh-RUS Siberian Zone"]
[Site "Omsk RUS"]
[Date "2001.10.08"]
[Round "4"]
[White "Smikovski,I"]
[Black "Purtov,A"]
[Result "0-1"]
[WhiteElo "2503"]
[BlackElo "2427"]

1.e4 c5 2.Nf3 d6 3.d4 cxd4 4.Nxd4 Nf6 5.Nc3 a6 6.Be3 e6 7.Be2 Qc7 8.a4 b6
9.f4 Bb7 10.Bf3 Nbd7 11.Qe2 Be7 12.O-O O-O 13.Bf2 Rfe8 14.Nb3 Bf8 15.Rad1 e5
16.f5 Rac8 17.Qd3 Qc4 18.Rfe1 Qb4 19.Qe3 Bc6 20.g4 d5 21.exd5 Bxa4 22.Qe2 Bxb3
23.cxb3 e4 24.Bxe4 Qxb3 25.Rd3 Bb4 26.Re3 Bxc3 27.bxc3 Rxc3 28.Bf3 Rcxe3
29.Bxe3 Nxd5 30.Qd1 Qxd1 31.Rxd1 Rxe3 32.Rxd5 Rxf3 33.Rxd7 h5 34.Rd6 hxg4
35.Rxb6 Rxf5 36.Rxa6 Rf3 37.Kg2 Kh7 38.Ra5 Kg6 39.Ra4 f5 40.Ra7 Kh6 41.Ra5 g6
42.Ra8 Kg5 43.Ra4 Rb3 44.Rc4 Rb2+ 45.Kg1 Ra2 46.Rb4 Re2 47.Ra4 Rc2 48.Rb4 Kh4
49.Rb8 g3 50.Rg8 gxh2+ 51.Kh1 Rc1+ 52.Kxh2 Rc2+ 53.Kg1 g5  0-1

[Event "TCh-BUL"]
[Site "Pamporovo BUL"]
[Date "2001.10.08"]
[Round "7"]
[White "Mladenov,Sv"]
[Black "Simeonov,S"]
[Result "1/2-1/2"]
[WhiteElo "2306"]
[BlackElo "2337"]

1.e4 c5 2.Nf3 d6 3.d4 cxd4 4.Nxd4 Nf6 5.Nc3 a6 6.Be3 e5 7.Nb3 Be6 8.f3 Nbd7
9.Qd2 b5 10.g4 Nb6 11.Qf2  1/2-1/2

[Event "ULIM Cup"]
[Site "Kishnev MDA"]
[Date "2001.10.10"]
[Round "4"]
[White "Pavlovic,SD"]
[Black "Luzhinsky,V"]
[Result "1/2-1/2"]
[WhiteElo "2346"]
[BlackElo "2348"]

1.e4 c5 2.Nf3 d6 3.d4 cxd4 4.Nxd4 Nf6 5.Nc3 a6 6.Be3 e6 7.f3 b5 8.g4 Nfd7
9.Qd2 Nb6 10.Bd3 N8d7 11.Qf2 Bb7 12.O-O-O Rc8 13.Nb3 Be7 14.f4 Rxc3 15.bxc3 Na4
16.Bd4 O-O 17.c4 bxc4 18.Bxc4 Bxe4 19.Rhf1 d5 20.Bd3  1/2-1/2

[Event "FSIMA October"]
[Site "Budapest HUN"]
[Date "2001.10.11"]
[Round "6"]
[White "Berczes,D"]
[Black "Blasko,I"]
[Result "0-1"]
[WhiteElo "2140"]
[BlackElo "2310"]

1.e4 c5 2.Nf3 d6 3.d4 Nf6 4.Nc3 cxd4 5.Nxd4 a6 6.Be3 e6 7.g4 e5 8.Nf5 g6
9.Bg2 gxf5 10.exf5 h5 11.h3 hxg4 12.hxg4 Rxh1+ 13.Bxh1 d5 14.Qe2 d4 15.O-O-O Qe7
16.g5 dxc3 17.gxf6 Qb4 18.bxc3 Qb5 19.Qe1 Ba3+ 20.Kd2 Bxf5 21.Bd4 Nd7 22.Rb1 Qa4
23.Rb3 Be6 24.Bxe5 Nxe5 25.Qxe5 O-O-O+ 26.Ke2 Bxb3  0-1